|
|
|
|
| LEADER |
01888nam a2200469 a 4500 |
| 001 |
nkc20092006413 |
| 003 |
CZ PrNK |
| 005 |
20100811104001.0 |
| 007 |
ta |
| 008 |
091021s2009 xr a e f 000 0 cze |
| 015 |
|
|
|a cnb002006413
|
| 020 |
|
|
|a 978-80-254-6178-5
|q (v knize neuvedeno ;
|q brož.)
|z 978-80-254-5403-9
|
| 035 |
|
|
|a (OCoLC)481022678
|
| 040 |
|
|
|a ABA001
|b cze
|
| 072 |
|
7 |
|a 616-053.2
|x Pediatrie
|2 Konspekt
|9 14
|
| 080 |
|
|
|a 616.1/.9-053.2
|2 MRF
|
| 080 |
|
|
|a 616-02:616-092.19
|2 MRF
|
| 080 |
|
|
|a 616.248
|2 MRF
|
| 080 |
|
|
|a (035)
|2 MRF
|
| 100 |
1 |
|
|a Richterová, Jarmila,
|d 1964-
|7 jx20091021012
|4 aut
|
| 245 |
1 |
0 |
|a 7A - 7x o alergii a astmatu pro školu :
|b příručka pro učitele mateřských, základních a středních škol /
|c Jarmila Richterová, Jan Richter, Lenka Kubrichtová
|
| 246 |
3 |
|
|a Sedmkrát o alergii a astmatu pro školu
|
| 246 |
3 |
0 |
|a 7x o alergii a astmatu pro školu : příručka pro učitele mateřských, základních a středních škol
|
| 250 |
|
|
|a Vyd. 2.
|
| 260 |
|
|
|a Třebíč :
|b D. Prchalová,
|c 2009
|
| 300 |
|
|
|a 30 s. :
|b barev. il. ;
|c 21 cm
|
| 500 |
|
|
|a Název z obálky
|
| 650 |
0 |
7 |
|a nemoci u dětí
|7 ph134932
|2 czenas
|
| 650 |
0 |
7 |
|a alergie
|7 ph118341
|2 czenas
|
| 650 |
0 |
7 |
|a průduškové astma
|7 ph198730
|2 czenas
|
| 650 |
0 |
9 |
|a diseases of children
|2 eczenas
|
| 650 |
0 |
9 |
|a allergy
|2 eczenas
|
| 650 |
0 |
9 |
|a bronchial asthma
|2 eczenas
|
| 655 |
|
7 |
|a příručky
|7 fd133209
|2 czenas
|
| 655 |
|
9 |
|a handbooks and manuals
|2 eczenas
|
| 700 |
1 |
|
|a Richter, Jan
|7 jx20091021011
|4 aut
|
| 700 |
1 |
|
|a Kubrichtová, Lenka
|7 xx0032306
|4 aut
|
| 856 |
4 |
1 |
|u http://www.digitalniknihovna.cz/mzk/uuid/uuid:189f8be0-1977-11e5-a362-005056827e52
|y Digitalizovaný dokument
|x NDK
|
| 910 |
2 |
|
|a BOA001
|b 2-1233.545
|
| 990 |
|
|
|a BK
|
| 995 |
|
|
|a 01
|
| 996 |
6 |
|
|b 2610404548
|c 2-1233.545
|l MZK
|r Sklad / do 1 hodiny
|n 0
|p p.v.
|w 001101563
|u 000010
|a 1
|e BOA001
|j MZK50
|s P
|